[Event "Reykjavik Chess Congress 2019"]
[Site "Reykjavik"]
[Date "2019.01.09"]
[Round "2"]
[White "Petursson, Gudni"]
[Black "Kjartansson, David"]
[Result "0-1"]
[WhiteElo "2045"]
[BlackElo "2403"]
[Annotator "ChessBase"]
[PlyCount "106"]
[EventDate "2019.01.09"]
[EventType "swiss"]
[EventCountry "ISL"]
[SourceTitle "playchess.com"]
[Source "ChessBase"]
[SourceQuality "1"]
[TimeControl "40/5400+30:900+30"]

1. e4 {[%emt 0:00:00]} c5 {[%emt 0:00:00]} 2. b3 {[%emt 0:01:50]} Nc6 {[%emt 0:00:16]} 3. Bb2 {[%emt 0:00:07]} d6 {[%emt 0:00:28]} 4. Nf3 {[%emt 0:00:08]} Nf6 {[%emt 0:00:21]} 5. Nc3 {[%emt 0:00:07]} e5 {[%emt 0:00:38]} 6. Bb5 {[%emt 0:01:48]} Be7 {[%emt 0:00:24]} 7. Bxc6+ {[%emt 0:00:05]} bxc6 {[%emt 0:00:04]} 8. d3 {[%emt 0:00:12]} O-O {[%emt 0:00:16]} 9. h3 {[%emt 0:00:33]} h6 {[%emt 0:00:06]} 10. O-O {[%emt 0:00:14]} Nh7 {[%emt 0:01:07]} 11. Ne2 {[%emt 0:00:21]} f5 {[%emt 0:00:31]} 12. exf5 {[%emt 0:00:15]} Bxf5 {[%emt 0:00:17]} 13. Ng3 {[%emt 0:00:08]} Be6 {[%emt 0:00:17]} 14. Qe2 {[%emt 0:02:04]} Qd7 {[%emt 0:03:16]} 15. Nd2 {[%emt 0:00:44]} Rf7 {[%emt 0:02:31]} 16. Nc4 {[%emt 0:00:15]} Raf8 {[%emt 0:00:18]} 17. Rae1 {[%emt 0:00:48]} Ng5 {[%emt 0:01:18]} 18. Bc1 {[%emt 0:02:16]} Nxh3+ {[%emt 0:10:26]} 19. gxh3 {[%emt 0:00:11]} Bxh3 {[%emt 0:00:04]} 20. f3 {[%emt 0:01:28]} Bh4 {[%emt 0:02:13]} 21. Kh2 {[%emt 0:00:26]} Bxf1 {[%emt 0:00:57]} 22. Rxf1 {[%emt 0:00:10]} Qe6 {[%emt 0:01:16]} 23. Ne3 {[%emt 0:08:36]} Bg5 {[%emt 0:02:34]} 24. Ng2 {[%emt 0:17:05]} Bxc1 {[%emt 0:00:25]} 25. Rxc1 {[%emt 0:00:04]} Rxf3 {[%emt 0:00:16]} 26. Rf1 {[%emt 0:00:38]} Qg4 {[%emt 0:02:25]} 27. Rxf3 {[%emt 0:00:06]} Rxf3 {[%emt 0:00:39]} 28. Qe1 {[%emt 0:00:59]} h5 {[%emt 0:01:12]} 29. Ne4 {[%emt 0:00:33]} d5 {[%emt 0:05:04]} 30. Nf2 {[%emt 0:04:12]} Qg3+ {[%emt 0:07:10]} 31. Kg1 {[%emt 0:00:05]} Qg5 {[%emt 0:02:39]} 32. Qe2 {[%emt 0:00:27]} Rg3 {[%emt 0:00:43]} 33. Nh1 {[%emt 0:01:11]} Rg4 {[%emt 0:00:08]} 34. Kh2 {[%emt 0:00:20]} e4 {[%emt 0:02:55]} 35. Qf2 {[%emt 0:00:47]} Qe5+ {[%emt 0:00:23]} 36. Kh3 {[%emt 0:00:21]} Qe6 {[%emt 0:05:39]} 37. Kh2 {[%emt 0:00:10]} d4 {[%emt 0:00:36]} 38. dxe4 {[%emt 0:00:15]} Rxe4 {[%emt 0:00:27]} 39. Ng3 {[%emt 0:00:12]} Qe5 {[%emt 0:00:42]} 40. Qf3 {[%emt 0:00:00]} Rg4 {[%emt 0:00:00]} 41. Kh3 {[%emt 0:02:16]} Qe6 {[%emt 0:03:14]} 42. Kh2 {[%emt 0:00:33]} Qg6 {[%emt 0:01:54]} 43. Kh3 {[%emt 0:00:19]} Qe6 {[%emt 0:04:35]} 44. Kh2 {[%emt 0:00:29]} g6 {[%emt 0:02:02]} 45. Ne2 {[%emt 0:00:37]} Qe5+ {[%emt 0:00:47]} 46. Kh3 {[%emt 0:00:09]} Re4 {[%emt 0:10:28]} 47. Ng3 {[%emt 0:00:29]} Qe6+ {[%emt 0:00:18]} 48. Kh2 {[%emt 0:00:09]} Re5 {[%emt 0:00:41]} 49. a4 {[%emt 0:04:17]} Kg7 {[%emt 0:01:16]} 50. Qf1 {[%emt 0:02:53]} Qg4 {[%emt 0:01:40]} 51. Qf4 {[%emt 0:00:33]} Qxf4 {[%emt 0:01:07]} 52. Nxf4 {[%emt 0:00:04]} h4 {[%emt 0:00:41]} 53. Nf1 {[%emt 0:00:31]} Rf5 {[%emt 0:00:11]} 0-1

[Event "Reykjavik Chess Congress 2019"]
[Site "Reykjavik"]
[Date "2019.01.09"]
[Round "2"]
[White "Haraldsson, Haraldur"]
[Black "Omarsson, Dadi"]
[Result "1/2-1/2"]
[WhiteElo "1969"]
[BlackElo "2252"]
[Annotator "TA"]
[PlyCount "72"]
[EventDate "2019.01.09"]
[EventType "swiss"]
[EventCountry "ISL"]
[SourceTitle "playchess.com"]
[Source "ChessBase"]
[SourceQuality "1"]

{[%evp 18,72,43,15,13,12,30,30,43,37,37,37,31,23,23,22,18,15,24,22,13,-18,-29,-39,-17,-22,-41,-25,-23,-31,-42,-35,-15,-15,-15,-15,-9,-27,0,0,0,0,1,1,6,0,39,0,2325,-11,0,0,0,0,0,0,0]} 1. c4 Nf6 2. Nc3 c5 3. g3 e6 4. Nf3 b6 5. Bg2 Bb7 6. O-O a6 7. d4 cxd4 8. Nxd4 Bxg2 {A30: Symmetrical English: Double Fianchetto and Hedgehog} 9. Kxg2 Qc8 10. Qd3 {LiveBook: 3 Games} Nc6 11. b3 Nxd4 (11... Ne5 12. Qe3 Nfg4 13. Qd2 Bb4 14. Bb2 O-O 15. f3 Nf6 16. Nc2 {½-½ (37) Karpov,A (2644)-Topalov,V (2813) Zuerich 2009}) 12. Qxd4 Qc6+ 13. f3 Be7 14. e4 $146 ({Predecessor:} 14. Bb2 O-O 15. Rac1 {0-1 (62) Schroll,G (2385)-Bischoff,K (2515) Austria 1994}) 14... d6 15. Bb2 O-O 16. Rac1 Rfd8 17. Rfd1 Qb7 18. a4 Nd7 19. Nd5 {[%csl Gb2][%cal Rd4g7] [#]} Bf8 $1 20. Ne3 Nc5 21. Qc3 b5 22. axb5 axb5 23. Ra1 bxc4 24. Rxa8 Rxa8 25. Nxc4 d5 26. exd5 exd5 27. Ne3 $1 Ra2 {[#] White must now prevent ...Qb5.} 28. Rxd5 Na4 29. bxa4 Rxb2+ 30. Rd2 $1 {[%cal Rd2b2]} Rb3 $132 {[%mdl 2048] Black is not keeping still} 31. Qe5 Qa7 32. Nf5 {White wants to mate with Rd8.} g6 $2 {[%mdl 8192]} (32... Qa8 $11) 33. Qd5 $2 ({Worse is} 33. Nd4 Rb1 $11) (33. Rd8 $18 {[%cal Rf5h6]} gxf5 34. Qd6 Rb2+ 35. Kh3 Rxh2+ 36. Kxh2 Qf2+ 37. Kh3 Qf1+ 38. Kh4 Qh1+ 39. Kg5 h6+ 40. Kf4 Qc1+ 41. Kxf5 Qc2+ 42. Kg4) 33... Qxa4 {The position is equal.} 34. Nd6 Bxd6 $1 35. Qxd6 Qe8 36. Qf6 {And now Rd8 would win.} Rb8 {Accuracy: White = 65%, Black = 67%.} 1/2-1/2

[Event "Reykjavik Chess Congress 2019"]
[Site "Reykjavik"]
[Date "2019.01.09"]
[Round "2"]
[White "Valtysson, Thor"]
[Black "Ptacnikova, Lenka"]
[Result "0-1"]
[WhiteElo "1901"]
[BlackElo "2187"]
[Annotator "TA"]
[PlyCount "92"]
[EventDate "2019.01.09"]
[EventType "swiss"]
[EventCountry "ISL"]
[SourceTitle "playchess.com"]
[Source "ChessBase"]
[SourceQuality "1"]

{[%evp 12,92,8,9,47,14,41,38,39,28,26,25,25,5,10,0,0,-7,8,4,6,0,0,0,10,10,28,25,23,6,26,23,25,14,29,33,33,0,30,32,43,30,93,83,99,105,107,92,118,72,95,0,0,-42,-47,-45,-18,-17,-1,-31,-8,-9,-9,-109,-102,-95,-9,-8,-8,-215,-223,-336,-320,-491,-449,-29989,-29990,-29990,-29991,-29992,-29993,-29993,-29994]} 1. d4 Nf6 2. Nf3 e6 3. Bf4 b6 4. e3 Bb7 5. Bd3 Be7 6. h3 c5 7. c3 {LiveBook: 120 Games. A47: 1 d4 Nf6 2 Nf3 b6: Torre, London and Colle Systems} Be4 (7... O-O 8. O-O cxd4 9. cxd4 Nc6 10. Nc3 Rc8 11. Rc1 Nb4 12. Bb1 Nbd5 13. Nxd5 Bxd5 14. Qe2 Rxc1 15. Rxc1 {½-½ (115) Bindrich,F (2590)-Tomashevsky,E (2716) Doha 2016}) 8. O-O O-O 9. Bxe4 {White is slightly better.} Nxe4 10. Nbd2 Nxd2 11. Qxd2 d5 12. Rfe1 $146 ({Predecessor:} 12. Rac1 Nd7 13. Ne5 Rc8 14. Nxd7 Qxd7 15. dxc5 Rxc5 {½-½ (30) Scotti,U (2182)-Bogdanov,V (2399) Arco 2005}) 12... Nc6 13. Ne5 Nxe5 14. Bxe5 Rc8 15. Qe2 Bd6 16. Bxd6 Qxd6 17. Rad1 c4 18. e4 b5 19. exd5 Qxd5 20. Qd2 f6 21. Qe2 Rc6 22. a3 Rd8 23. Qg4 Kf7 24. f4 a5 25. Re3 h5 26. Qe2 Rb6 {[#]} (26... b4 $11 {remains equal.}) 27. Rf1 $1 $16 Rh8 {[#]} 28. f5 $1 {[%mdl 512]} exf5 29. Re7+ Kg6 30. Qf2 {White threatens Qg3+ and mate.} h4 31. Qf4 (31. g4 $16 fxg4 32. hxg4) 31... Re6 $11 32. Rxe6 (32. Ra7 {is interesting.} Re2 33. Rf2 Re4 34. Qc7 Rg8 35. Rf4) 32... Qxe6 {[%mdl 4096] Endgame KQR-KQR} 33. Qf2 Rh5 34. Re1 Qd5 35. Re2 b4 36. axb4 axb4 37. Qf4 (37. cxb4 $11 {keeps the balance.} Qd6 38. b5) 37... bxc3 $17 38. bxc3 Rh8 (38... Qa8 $17 {...Qa1+ is the strong threat.} 39. Kh2 Qa3) 39. Qc7 Ra8 {next ...Ra3 is good for Black.} 40. Qf4 $2 (40. Re7 $1 $11 {and White stays safe.} Rg8 41. Qf4) 40... Ra3 $19 41. Qc1 (41. Qe3 {is a better defense.}) 41... Qa5 {And now ...Ra1 would win.} 42. Qe3 (42. Qf4 $142) 42... Qxc3 43. Qf2 (43. Kf2 $19 Qa1 44. Qf4) 43... Ra1+ {Black mates.} 44. Kh2 Qc1 {[%csl Ga1][%cal Rc1h1]} 45. Qxh4 Qg1+ 46. Kg3 Ra3+ {Accuracy: White = 42%, Black = 33%.} 0-1

[Event "Reykjavik Chess Congress 2019"]
[Site "Reykjavik"]
[Date "2019.01.13"]
[Round "3"]
[White "Ptacnikova, Lenka"]
[Black "Birkisson, Bjorn Holm"]
[Result "1-0"]
[WhiteElo "2187"]
[BlackElo "2078"]
[Annotator "NA"]
[PlyCount "83"]
[EventDate "2019.01.09"]
[EventType "swiss"]
[EventCountry "ISL"]
[SourceTitle "playchess.com"]
[Source "ChessBase"]
[SourceQuality "1"]
[TimeControl "40/5400+30:900+30"]

1. c4 {[%emt 0:00:00]} e6 {[%emt 0:00:18]} 2. Nf3 {[%emt 0:00:00]} d5 {[%emt 0:00:25]} 3. e3 {[%emt 0:00:33]} Nf6 {[%emt 0:00:49]} 4. b3 {[%emt 0:05:18]} c5 {[%emt 0:02:05]} 5. Bb2 {[%emt 0:00:20]} Nc6 {[%emt 0:01:14]} 6. Be2 {[%emt 0:03:01]} d4 {[%emt 0:03:17]} 7. exd4 {[%emt 0:00:17]} cxd4 {[%emt 0:00:13]} 8. d3 {[%emt 0:00:02]} Be7 {[%emt 0:04:03]} 9. O-O {[%emt 0:02:22]} O-O {[%emt 0:00:52]} 10. Na3 {[%emt 0:04:03]} e5 {[%emt 0:02:38]} 11. Nc2 {[%emt 0:03:30]} Re8 {[%emt 0:02:04]} 12. Re1 {[%emt 0:01:48]} a5 {[%emt 0:10:37]} 13. a4 {[%emt 0:13:48]} Nd7 {[%emt 0:10:20]} 14. Na3 {[%emt 0:00:41]} Bb4 {[%emt 0:01:14]} 15. Rf1 {[%emt 0:00:50]} Nc5 {[%emt 0:03:56]} 16. Nb5 {[%emt 0:07:14]} Bf5 {[%emt 0:04:59]} 17. Ra2 {[%emt 0:05:46]} Re6 {[%emt 0:05:52]} 18. Kh1 {[%emt 0:02:37]} g5 {[%emt 0:06:21]} 19. Bc1 {[%emt 0:07:39]} Rg6 {[%emt 0:07:19]} 20. Ne1 {[%emt 0:04:27]} g4 {[%emt 0:05:45]} 21. Kg1 {[%emt 0:10:49]} Qd7 {[%emt 0:02:19]} 22. g3 {[%emt 0:00:44]} e4 {[%emt 0:13:02]} 23. dxe4 {[%emt 0:00:29]} Bxe4 {[%emt 0:01:51]} 24. f3 {[%emt 0:00:47]} d3 {[%emt 0:03:05]} 25. fxe4 {[%emt 0:01:12]} dxe2 {[%emt 0:00:59]} 26. Qxe2 {[%emt 0:00:03]} Bxe1 {[%emt 0:00:35]} 27. Rxe1 {[%emt 0:01:11]} Ne5 {[%emt 0:00:08]} 28. Rd1 {[%emt 0:01:28]} Qe7 {[%emt 0:01:58]} 29. Ba3 {[%emt 0:04:46]} Nf3+ {[%emt 0:00:33]} 30. Kg2 {[%emt 0:00:22]} Rh6 {[%emt 0:01:45]} 31. h4 {[%emt 0:00:39]} Nxh4+ {[%emt 0:00:43]} 32. gxh4 {[%emt 0:00:19]} Qxh4 {[%emt 0:00:08]} 33. Bxc5 {[%emt 0:02:05]} Qh3+ {[%emt 0:01:51]} 34. Kf2 {[%emt 0:01:10]} Rf6+ {[%emt 0:02:24]} 35. Kg1 {[%emt 0:03:55]} Rf3 {[%emt 0:00:07]} 36. Qh2 {[%emt 0:00:13]} Rg3+ {[%emt 0:00:51]} 37. Kh1 {[%emt 0:00:45]} Rxb3 {[%emt 0:00:51]} 38. Qxh3 {[%emt 0:00:26]} Rxh3+ {[%emt 0:00:06]} 39. Kg2 {[%emt 0:00:08]} Rc8 {[%emt 0:00:26]} 40. Rd5 {[%emt 0:00:00]} h5 {[%emt 0:00:00]} 41. Nd6 {[%emt 0:03:40]} Rc6 {[%emt 0:00:55]} 42. Rb2 {[%emt 0:00:32]} 1-0

[Event "Reykjavik Chess Congress 2019"]
[Site "Reykjavik"]
[Date "2019.01.13"]
[Round "3"]
[White "Bergsson, Stefan"]
[Black "Gretarsson, Hjorvar Steinn"]
[Result "1-0"]
[WhiteElo "2172"]
[BlackElo "2560"]
[Annotator "TA"]
[PlyCount "55"]
[EventDate "2019.01.09"]
[EventType "swiss"]
[EventCountry "ISL"]
[SourceTitle "playchess.com"]
[Source "ChessBase"]
[SourceQuality "1"]

{[%evp 25,55,41,26,-98,-93,-89,-102,-116,0,0,0,0,5,5,252,252,252,250,249,249,249,249,250,257,238,175,183,0,177,0,175,0]} 1. e4 c5 2. Nf3 e6 3. d4 cxd4 4. Nxd4 a6 5. Bd3 Nf6 6. O-O Qc7 7. Nc3 Bc5 8. Nb3 Be7 9. Qe2 d6 10. Bd2 Nbd7 11. f4 b5 {B43: Sicilian: Kan Variation: 5 Nc3} 12. Rae1 (12. a4 b4 13. Nd1 a5 14. Kh1 d5 15. exd5 Nxd5 16. f5 e5 17. c4 N5f6 18. Nf2 O-O 19. Ne4 {0-1 (64) Movsesian,S (2672)-Svidler,P (2753) Dubai 2014}) 12... Bb7 13. e5 Nd5 {LiveBook: 3 Games. White is slightly better.} 14. Ne4 $146 (14. exd6 $11 Bxd6 15. Nxd5 Bxd5 16. Be4 Bxe4 17. Qxe4) ({Predecessor:} 14. Qg4 g6 15. exd6 Qxd6 16. Nxd5 Bxd5 17. Bc3 h5 18. Qh3 Bf6 19. Bxf6 Nxf6 {1-0 (29) Kotarba,M (2390)-Cyborowski,L (2564) Krakow 2004}) 14... dxe5 $17 {[%cal Rd5f4]} 15. fxe5 Nxe5 16. Ba5 Qc8 (16... Qb8 $17 17. Nec5 Nxd3 18. cxd3 Qc8) 17. Qh5 $11 Ng6 {...Ndf4 is the strong threat.} 18. Ng5 Bxg5 $1 19. Bxg6 {[%mdl 64] Pin} Be3+ $2 {[#]} (19... fxg6 $11 {and Black has nothing to worry.} 20. Qxg5 Rf8) 20. Rxe3 $1 $18 {[%mdl 512]} fxg6 {[#]} (20... Nxe3 21. Bxf7+) 21. Qe5 $1 {[%csl LRe6,LRg7][%cal Re5g7][%mdl 512]} Nxe3 22. Qxg7 {[%csl Gf1][%cal Rg7f7]} Nxf1 23. Qxh8+ Kf7 24. Qxh7+ Kf6 25. Qh4+ {[%mdl 1024] White has strong compensation.} Kf7 {Hoping for ...Qh8.} 26. Qh7+ Kf6 27. Qh4+ Kf7 $1 {[#] White must now prevent ...Qh8.} 28. Qh7+ $2 {[%mdl 32768] Loss on time!?} ({White must play} 28. Bc3 $1 $18 e5 29. Qh7+ Kf6 30. Bb4) 1-0

[Event "Reykjavik Chess Congress 2019"]
[Site "Reykjavik"]
[Date "2019.01.13"]
[Round "3"]
[White "Fridjonsson, Julius"]
[Black "Bjornsson, Sigurbjorn"]
[Result "0-1"]
[WhiteElo "2159"]
[BlackElo "2296"]
[Annotator "NA"]
[PlyCount "68"]
[EventDate "2019.01.09"]
[EventType "swiss"]
[EventCountry "ISL"]
[SourceTitle "playchess.com"]
[Source "ChessBase"]
[SourceQuality "1"]
[TimeControl "40/5400+30:900+30"]

1. c4 {[%emt 0:00:00]} c6 {[%emt 0:00:00]} 2. e4 {[%emt 0:00:03]} d5 {[%emt 0:00:00]} 3. exd5 {[%emt 0:00:08]} cxd5 {[%emt 0:00:04]} 4. cxd5 {[%emt 0:00:15]} Nf6 {[%emt 0:00:22]} 5. Qa4+ {[%emt 0:00:37]} Nbd7 {[%emt 0:03:09]} 6. Nc3 {[%emt 0:00:43]} g6 {[%emt 0:00:34]} 7. Nf3 {[%emt 0:01:49]} Bg7 {[%emt 0:00:17]} 8. Bc4 {[%emt 0:02:21]} O-O {[%emt 0:00:25]} 9. Qb3 {[%emt 0:00:50]} Nb6 {[%emt 0:03:45]} 10. d3 {[%emt 0:00:49]} Bg4 {[%emt 0:05:57]} 11. Ne5 {[%emt 0:12:07]} Qd6 {[%emt 0:07:16]} 12. f4 {[%emt 0:12:17]} Qc5 {[%emt 0:10:50]} 13. h3 {[%emt 0:03:19]} Bf5 {[%emt 0:00:44]} 14. g4 {[%emt 0:00:23]} Bc8 {[%emt 0:03:34]} 15. Ke2 {[%emt 0:09:18]} Nfd7 {[%emt 0:14:12]} 16. Be3 {[%emt 0:03:32]} Qc7 {[%emt 0:02:06]} 17. Nf3 {[%emt 0:04:10]} Nxc4 {[%emt 0:03:03]} 18. dxc4 {[%emt 0:05:05]} Nc5 {[%emt 0:01:29]} 19. Qc2 {[%emt 0:08:54]} Bxc3 {[%emt 0:11:07]} 20. bxc3 {[%emt 0:00:48]} b6 {[%emt 0:00:29]} 21. Nd4 {[%emt 0:01:11]} Ba6 {[%emt 0:02:34]} 22. Nb5 {[%emt 0:00:15]} Bxb5 {[%emt 0:03:14]} 23. cxb5 {[%emt 0:00:11]} e6 {[%emt 0:01:13]} 24. Kf3 {[%emt 0:08:30]} exd5 {[%emt 0:03:57]} 25. Bd4 {[%emt 0:00:20]} Ne6 {[%emt 0:02:06]} 26. Be5 {[%emt 0:00:09]} Qc5 {[%emt 0:01:03]} 27. Qd3 {[%emt 0:00:24]} Rac8 {[%emt 0:05:00]} 28. g5 {[%emt 0:00:52]} d4 {[%emt 0:02:07]} 29. cxd4 {[%emt 0:03:56]} Qd5+ {[%emt 0:00:06]} 30. Kg3 {[%emt 0:01:41]} Nc5 {[%emt 0:01:49]} 31. Qf3 {[%emt 0:01:04]} Ne4+ {[%emt 0:00:21]} 32. Kh4 {[%emt 0:00:12]} Rc3 {[%emt 0:00:35]} 33. Qg2 {[%emt 0:00:49]} Nd6 {[%emt 0:00:58]} 34. Rhg1 {[%emt 0:01:00]} Nf5+ {[%emt 0:00:15]} 0-1

[Event "Reykjavik Chess Congress 2019"]
[Site "Reykjavik"]
[Date "2019.01.13"]
[Round "3"]
[White "Viglundsson, Bjorgvin"]
[Black "Olafsson, Thorvardur"]
[Result "1/2-1/2"]
[WhiteElo "2092"]
[BlackElo "2199"]
[Annotator "NA"]
[PlyCount "72"]
[EventDate "2019.01.09"]
[EventType "swiss"]
[EventCountry "ISL"]
[SourceTitle "playchess.com"]
[Source "ChessBase"]
[SourceQuality "1"]
[TimeControl "40/5400+30:900+30"]

1. d4 {[%emt 0:00:00]} Nf6 {[%emt 0:00:00]} 2. Nf3 {[%emt 0:00:00]} b6 {[%emt 0:00:46]} 3. c4 {[%emt 0:00:43]} e6 {[%emt 0:01:06]} 4. a3 {[%emt 0:01:17]} Bb7 {[%emt 0:05:17]} 5. Nc3 {[%emt 0:01:27]} d5 {[%emt 0:04:40]} 6. Bg5 {[%emt 0:01:33]} Be7 {[%emt 0:06:34]} 7. e3 {[%emt 0:00:33]} Nbd7 {[%emt 0:02:27]} 8. Bd3 {[%emt 0:00:48]} h6 {[%emt 0:04:36]} 9. Bh4 {[%emt 0:01:31]} O-O {[%emt 0:01:02]} 10. O-O {[%emt 0:00:16]} c5 {[%emt 0:04:19]} 11. Qe2 {[%emt 0:06:21]} Ne4 {[%emt 0:08:27]} 12. Bxe7 {[%emt 0:03:50]} Nxc3 {[%emt 0:01:59]} 13. bxc3 {[%emt 0:02:10]} Qxe7 {[%emt 0:00:12]} 14. cxd5 {[%emt 0:01:15]} Bxd5 {[%emt 0:03:21]} 15. e4 {[%emt 0:02:07]} Bb7 {[%emt 0:02:47]} 16. a4 {[%emt 0:02:08]} cxd4 {[%emt 0:15:10]} 17. cxd4 {[%emt 0:00:07]} Nb8 {[%emt 0:07:19]} 18. a5 {[%emt 0:04:07]} bxa5 {[%emt 0:01:26]} 19. Rxa5 {[%emt 0:03:50]} Nc6 {[%emt 0:01:25]} 20. Ra4 {[%emt 0:00:49]} Nb4 {[%emt 0:03:41]} 21. Rfa1 {[%emt 0:02:40]} Bc6 {[%emt 0:03:14]} 22. Ra5 {[%emt 0:01:36]} Rfb8 {[%emt 0:02:00]} 23. Ne5 {[%emt 0:04:18]} Be8 {[%emt 0:09:34]} 24. h3 {[%emt 0:05:58]} Qd6 {[%emt 0:05:36]} 25. Qe3 {[%emt 0:06:12]} Rd8 {[%emt 0:02:30]} 26. Nf3 {[%emt 0:05:21]} Qb6 {[%emt 0:01:32]} 27. Bb1 {[%emt 0:05:07]} a6 {[%emt 0:00:55]} 28. Qa3 {[%emt 0:08:15]} Rac8 {[%emt 0:00:50]} 29. Bd3 {[%emt 0:02:12]} Nxd3 {[%emt 0:00:45]} 30. Qxd3 {[%emt 0:01:07]} Bb5 {[%emt 0:00:07]} 31. Qd2 {[%emt 0:02:42]} Qc6 {[%emt 0:00:29]} 32. Qf4 {[%emt 0:01:10]} Qc7 {[%emt 0:00:34]} 33. Qe3 {[%emt 0:06:36]} Qc3 {[%emt 0:00:28]} 34. Qf4 {[%emt 0:00:20]} Qc7 {[%emt 0:00:14]} 35. Qe3 {[%emt 0:00:09]} Qc3 {[%emt 0:01:08]} 36. Qf4 {[%emt 0:00:07]} Qc7 {[%emt 0:00:31]} 1/2-1/2

[Event "Reykjavik Chess Congress 2019"]
[Site "Reykjavik"]
[Date "2019.01.13"]
[Round "3"]
[White "Jonsson, Gauti Pall"]
[Black "Ingvason, Johann"]
[Result "0-1"]
[WhiteElo "2070"]
[BlackElo "2175"]
[Annotator "NA"]
[PlyCount "168"]
[EventDate "2019.01.09"]
[EventType "swiss"]
[EventCountry "ISL"]
[SourceTitle "playchess.com"]
[Source "ChessBase"]
[SourceQuality "1"]
[TimeControl "40/5400+30:900+30"]

1. c4 {[%emt 0:02:11]} e5 {[%emt 0:00:00]} 2. g3 {[%emt 0:00:19]} Nf6 {[%emt 0:00:19]} 3. Bg2 {[%emt 0:03:01]} Nc6 {[%emt 0:00:09]} 4. Nc3 {[%emt 0:00:37]} Bb4 {[%emt 0:03:48]} 5. e4 {[%emt 0:01:54]} d6 {[%emt 0:03:56]} 6. Nge2 {[%emt 0:03:26]} Bg4 {[%emt 0:06:01]} 7. h3 {[%emt 0:02:03]} Bxc3 {[%emt 0:04:45]} 8. bxc3 {[%emt 0:06:35]} Be6 {[%emt 0:02:05]} 9. d3 {[%emt 0:02:20]} h5 {[%emt 0:02:45]} 10. Be3 {[%emt 0:07:10]} b6 {[%emt 0:02:32]} 11. f4 {[%emt 0:07:40]} Qc8 {[%emt 0:06:26]} 12. Qd2 {[%emt 0:13:02]} Na5 {[%emt 0:03:54]} 13. Rb1 {[%emt 0:09:13]} c5 {[%emt 0:01:22]} 14. Kf2 {[%emt 0:09:40]} Rb8 {[%emt 0:12:08]} 15. Kg1 {[%emt 0:02:27]} a6 {[%emt 0:01:45]} 16. Kh2 {[%emt 0:00:37]} b5 {[%emt 0:13:31]} 17. cxb5 {[%emt 0:01:23]} axb5 {[%emt 0:00:37]} 18. Rb2 {[%emt 0:03:11]} Nc6 {[%emt 0:02:50]} 19. Rhb1 {[%emt 0:01:45]} Qa6 {[%emt 0:01:50]} 20. d4 {[%emt 0:01:46]} Na5 {[%emt 0:02:09]} 21. dxe5 {[%emt 0:03:44]} Nc4 {[%emt 0:01:50]} 22. Qc1 {[%emt 0:00:47]} dxe5 {[%emt 0:06:55]} 23. Bxc5 {[%emt 0:01:21]} Nxb2 {[%emt 0:05:26]} 24. Qxb2 {[%emt 0:00:47]} Qxa2 {[%emt 0:03:04]} 25. fxe5 {[%emt 0:01:50]} Qxb2 {[%emt 0:00:58]} 26. Rxb2 {[%emt 0:00:06]} Nd7 {[%emt 0:00:34]} 27. Bd6 {[%emt 0:00:11]} Rb6 {[%emt 0:00:15]} 28. Nf4 {[%emt 0:02:24]} Bc4 {[%emt 0:02:15]} 29. Nd5 {[%emt 0:01:00]} Rh6 {[%emt 0:03:08]} 30. Nxb6 {[%emt 0:03:03]} Nxb6 {[%emt 0:00:02]} 31. Rb1 {[%emt 0:04:03]} Na4 {[%emt 0:00:57]} 32. Rc1 {[%emt 0:01:27]} Kd7 {[%emt 0:02:24]} 33. Bf3 {[%emt 0:01:01]} Kc6 {[%emt 0:00:43]} 34. Bf8 {[%emt 0:00:54]} Rh7 {[%emt 0:00:40]} 35. g4 {[%emt 0:01:32]} hxg4 {[%emt 0:00:24]} 36. Bxg4 {[%emt 0:00:08]} g6 {[%emt 0:01:09]} 37. Bb4 {[%emt 0:00:24]} Nb2 {[%emt 0:02:10]} 38. Ra1 {[%emt 0:00:39]} Nd3 {[%emt 0:00:42]} 39. Ra7 {[%emt 0:02:52]} Nxe5 {[%emt 0:00:48]} 40. Kg3 {[%emt 0:00:00]} Nxg4 {[%emt 0:00:00]} 41. hxg4 {[%emt 0:00:51]} Be6 {[%emt 0:03:12]} 42. Kf4 {[%emt 0:03:43]} Bxg4 {[%emt 0:03:10]} 43. Ba5 {[%emt 0:02:21]} Be6 {[%emt 0:07:22]} 44. Rc7+ {[%emt 0:01:37]} Kd6 {[%emt 0:00:03]} 45. Rb7 {[%emt 0:01:20]} Rh4+ {[%emt 0:01:10]} 46. Kf3 {[%emt 0:01:18]} Bc4 {[%emt 0:01:31]} 47. Ra7 {[%emt 0:03:15]} Ke5 {[%emt 0:02:42]} 48. Bc7+ {[%emt 0:00:38]} Ke6 {[%emt 0:00:03]} 49. Bg3 {[%emt 0:01:48]} Rh1 {[%emt 0:00:20]} 50. Ra6+ {[%emt 0:00:36]} Kd7 {[%emt 0:00:20]} 51. Rb6 {[%emt 0:00:41]} Rd1 {[%emt 0:00:29]} 52. Be5 {[%emt 0:00:27]} Rg1 {[%emt 0:00:42]} 53. Kf2 {[%emt 0:00:53]} Rh1 {[%emt 0:01:29]} 54. Kf3 {[%emt 0:00:27]} Rd1 {[%emt 0:01:17]} 55. Kf4 {[%emt 0:00:23]} Rg1 {[%emt 0:00:24]} 56. Bf6 {[%emt 0:00:53]} Kc7 {[%emt 0:00:14]} 57. Ra6 {[%emt 0:00:43]} Rf1+ {[%emt 0:00:37]} 58. Ke5 {[%emt 0:00:23]} Kb7 {[%emt 0:00:31]} 59. Rd6 {[%emt 0:01:05]} Rf3 {[%emt 0:00:30]} 60. Kd4 {[%emt 0:00:23]} Rg3 {[%emt 0:00:29]} 61. Kc5 {[%emt 0:00:35]} Rd3 {[%emt 0:01:00]} 62. Bd4 {[%emt 0:02:35]} Kc7 {[%emt 0:00:33]} 63. Be5 {[%emt 0:00:27]} Rxd6 {[%emt 0:00:12]} 64. Bxd6+ {[%emt 0:00:05]} Kd7 65. Bf4 {[%emt 0:00:22]} Ke6 {[%emt 0:00:42]} 66. Kd4 {[%emt 0:00:09]} Kf6 {[%emt 0:00:36]} 67. Ke3 {[%emt 0:00:20]} g5 {[%emt 0:00:09]} 68. Bg3 {[%emt 0:00:21]} Kg6 {[%emt 0:00:08]} 69. Kf3 {[%emt 0:00:45]} Bb3 {[%emt 0:00:52]} 70. Bh2 {[%emt 0:01:29]} Bd1+ {[%emt 0:00:23]} 71. Kg3 {[%emt 0:00:25]} Kf6 {[%emt 0:00:12]} 72. Kf2 {[%emt 0:00:08]} Kg6 {[%emt 0:01:08]} 73. Bd6 {[%emt 0:00:39]} Kh5 {[%emt 0:00:10]} 74. Kg3 {[%emt 0:00:26]} Bc2 {[%emt 0:00:06]} 75. e5 {[%emt 0:00:15]} Kg6 {[%emt 0:00:16]} 76. Be7 {[%emt 0:00:31]} Kf5 {[%emt 0:00:05]} 77. Bf6 {[%emt 0:00:04]} Bd1 {[%emt 0:00:16]} 78. Bg7 {[%emt 0:00:30]} Ke4 {[%emt 0:00:23]} 79. Bh6 {[%emt 0:00:35]} Kd3 {[%emt 0:00:59]} 80. Bg7 {[%emt 0:00:03]} Bb3 {[%emt 0:01:01]} 81. Bf6 {[%emt 0:01:20]} Be6 {[%emt 0:00:36]} 82. Bxg5 {[%emt 0:00:15]} Kxc3 {[%emt 0:00:07]} 83. Kf2 {[%emt 0:00:21]} b4 {[%emt 0:00:15]} 84. Ke1 {[%emt 0:00:04]} Kc2 0-1